Las operaciones de mantenimiento de la paz y el derecho internacional humanitario

Bibliographic Details
Corporate Author: Espaą. Direccin̤ General de Relaciones Institucionales
Other Authors: Toms̀ Morales, Susana de
Format: Unknown
Language:Spanish
Published: Madrid : Dykinson, 2009
Subjects:
Online Access:Acceso restringido

MARC

LEADER 00000ny a22000003n 4500
005 20110607132224.0
008 091027s2009 sp 001 0 spa d
020 |a 9788498493474 
035 |a 4929 
040 |a SpMaUCDE  |d vLex 
080 |a 341.231.14 
080 |a 341.65 
080 |a 355.357 
090 |c 538  |d 538 
245 0 4 |a Las operaciones de mantenimiento de la paz y el derecho internacional humanitario  |h [Recurso electrn̤ico]  |c Susana de Toms̀ Morales 
256 |a Servicio en ln̕ea 
260 |a Madrid :  |b Dykinson,  |c 2009 
300 |a 277 p. ;  |c 24 cm 
506 1 |a Contenido solo disponible en los productos indicados  |d vLex Global  |d vLex Global (Academic Edition, excluding Law Schools)  |d vLex Global (U.S. Academic Edition, Law Schools)  |d vLex Global (U.S. Academic Edition, excluding Law Schools)  |d vLex Global (Academic Edition, Law Schools) 
610 2 4 |a Naciones Unidas 
650 0 4 |a Derechos humanos (Derecho internacional) 
650 0 4 |a Seguridad internacional 
700 1 |a Toms̀ Morales, Susana de 
710 1 |a Espaą.  |b Direccin̤ General de Relaciones Institucionales 
740 0 |a vLex Libros (Servicios en ln̕ea) 
856 4 0 |u http://vlex.com/source/4929  |z Acceso restringido 
942 |c BOOK 
999 0 4 |a International Law  |b Madrid 
999 0 4 |a Paz 
999 0 4 |a Seguridad internacional 
999 0 4 |a Naciones Unidas